[Event "14th EUR-ch"]
[Site "Minsk BLR"]
[Date "2017.06.03"]
[Round "5.70"]
[White "Bogdanovich, Stanislav"]
[Black "Usmanov, Vasily"]
[Result "0-1"]
[WhiteElo "2596"]
[BlackElo "2443"]
[EventDate "2017.05.30"]
[PlyCount "86"]

1.Nf3 Nf6 2.c4 e6 3.g3 d5 4.Bg2 dxc4 5.O-O c5 6.Na3 Be7 7.Nxc4 Nc6 8.b3 
O-O 9.Bb2 Qc7 10.Rc1 Rd8 11.Qc2 Bd7 12.Rfd1 Rac8 13.Qb1 h6 14.d4 b5 15.Ne3
cxd4 16.Nxd4 Qb6 17.Nxc6 Bxc6 18.Rxd8+ Bxd8 19.Qd3 Bd7 20.Rxc8 Bxc8 21.Bd4
Qa5 22.Bxa7 Be7 23.Bd4 Qxa2 24.Qxb5 Ba6 25.Qb8+ Bf8 26.Bc6 Qd2 27.Qa8 Bxe2
28.Bxf6 gxf6 29.Kg2 Kg7 30.Bf3 Bd3 31.Qc6 f5 32.Qc7 Bd6 33.Qa7 Qc3 34.Bh5 
Bc7 35.Bxf7 Qc6+ 36.Kh3 Kxf7 37.Qd4 Qd6 38.Qh8 Qf8 39.Qc3 Qd6 40.Qh8 Qf8 
41.Qc3 Qd8 42.b4 Bb6 43.Nc4 Bf1# 0-1

[Event "14th EUR-ch"]
[Site "Minsk BLR"]
[Date "2017.06.03"]
[Round "5.71"]
[White "Nguyen Thai Dai Van"]
[Black "Pantsulaia, Levan"]
[Result "0-1"]
[WhiteElo "2461"]
[BlackElo "2594"]
[EventDate "2017.05.30"]
[PlyCount "84"]

1.e4 c5 2.Nf3 e6 3.d4 cxd4 4.Nxd4 a6 5.Nc3 b5 6.Bd3 Qb6 7.Nf3 Qc7 8.O-O 
Bb7 9.Re1 Be7 10.e5 f5 11.Nd4 g6 12.a4 Nc6 13.Nxf5 gxf5 14.axb5 Nxe5 15.
Bf4 d6 16.bxa6 Bc6 17.Nb5 Bxb5 18.Bxb5+ Kf7 19.Bxe5 dxe5 20.Qh5+ Kf8 21.
Qf3 Ra7 22.Qb3 Qb8 23.Bc4 Qxb3 24.Bxb3 Bd6 25.Bxe6 Ne7 26.Red1 Bc5 27.c3 
Rc7 28.b4 Ba7 29.b5 Kg7 30.Rab1 Rb8 31.Rd6 Rxc3 32.g4 Bc5 33.Rd7 Kf6 34.
gxf5 Ra3 35.Rb7 Rd8 36.b6 Rxa6 37.Bc4 Ra4 38.Be6 Rd2 39.Rb8 Rxf2 40.Rf8+ 
Kg5 41.Kh1 Rh4 42.Rg1+ Kf4 0-1

[Event "14th EUR-ch"]
[Site "Minsk BLR"]
[Date "2017.06.03"]
[Round "5.72"]
[White "Can, Emre"]
[Black "Asadli, Vugar"]
[Result "1-0"]
[WhiteElo "2589"]
[BlackElo "2439"]
[EventDate "2017.05.30"]
[PlyCount "53"]

1.d4 Nf6 2.c4 e6 3.Nf3 b6 4.g3 Ba6 5.b3 Bb4+ 6.Bd2 Be7 7.Nc3 d5 8.cxd5 
exd5 9.Bg2 O-O 10.O-O Re8 11.Ne5 c6 12.Re1 Nfd7 13.Ng4 Nf8 14.e4 dxe4 15.
Ne3 Bf6 16.Nxe4 Bxd4 17.Nf5 Be5 18.Qg4 Ng6 19.Rad1 Bc8 20.Bg5 Qc7 21.Ned6 
Bxf5 22.Qxf5 Re6 23.Nb5 cxb5 24.Bxa8 h6 25.Bd5 Ne7 26.Bxe7 Rxe7 27.Rc1 1-0

[Event "14th EUR-ch"]
[Site "Minsk BLR"]
[Date "2017.06.03"]
[Round "5.73"]
[White "Pacher, Milan"]
[Black "Postny, Evgeny"]
[Result "1/2-1/2"]
[WhiteElo "2450"]
[BlackElo "2588"]
[EventDate "2017.05.30"]
[PlyCount "73"]

1.e4 e5 2.Nf3 Nc6 3.Bb5 a6 4.Ba4 Nf6 5.O-O Be7 6.d3 d6 7.c3 O-O 8.Nbd2 Nb8
9.Bc2 Nbd7 10.Nc4 Re8 11.h3 c6 12.Bg5 b5 13.Ne3 Nc5 14.a4 Bd7 15.Nf5 Bxf5 
16.exf5 h6 17.Bh4 Ncd7 18.Re1 Bf8 19.d4 exd4 20.Rxe8 Qxe8 21.Nxd4 Qc8 22.
Qd2 d5 23.Qf4 Qb7 24.axb5 axb5 25.Rxa8 Qxa8 26.Kh2 Qa1 27.Bxf6 Nxf6 28.Qb8
Qxb2 29.Nxc6 Qxc2 30.Ne7+ Kh7 31.Qxf8 Qxc3 32.Qxf7 Qc7+ 33.g3 Qd7 34.Qg6+ 
Kh8 35.Qf7 Kh7 36.Qg6+ Kh8 37.Qf7 1/2-1/2

[Event "14th EUR-ch"]
[Site "Minsk BLR"]
[Date "2017.06.03"]
[Round "5.74"]
[White "Alexeenko, Kirill"]
[Black "Mindlin, Alon"]
[Result "1/2-1/2"]
[WhiteElo "2585"]
[BlackElo "2436"]
[EventDate "2017.05.30"]
[PlyCount "91"]

1.e4 e5 2.Nf3 Nc6 3.Bb5 a6 4.Ba4 Nf6 5.O-O Be7 6.Re1 b5 7.Bb3 d6 8.c3 O-O 
9.d4 Bg4 10.d5 Na5 11.Bc2 c6 12.h3 Bc8 13.dxc6 Qc7 14.Nbd2 Qxc6 15.Nf1 Nc4
16.Ng3 Be6 17.Ng5 h6 18.Nxe6 fxe6 19.Qe2 Bd8 20.a4 Bb6 21.Rf1 Rae8 22.axb5
axb5 23.b3 Na5 24.Bd2 Ra8 25.Kh2 d5 26.Rac1 Nb7 27.f4 exf4 28.Bxf4 Nc5 29.
e5 Nfe4 30.Qg4 Bc7 31.Nh5 Rf7 32.Bg3 Raf8 33.Rxf7 Rxf7 34.Rf1 Qd7 35.Rf3 
Qe7 36.b4 Rxf3 37.gxf3 Nxg3 38.Qxg3 Nd7 39.f4 g5 40.Bd3 Qf7 41.Be2 Kf8 42.
Kh1 gxf4 43.Nxf4 Nxe5 44.Qf2 Ke7 45.Bxb5 Nd7 46.Nxd5+ 1/2-1/2

[Event "14th EUR-ch"]
[Site "Minsk BLR"]
[Date "2017.06.03"]
[Round "5.75"]
[White "Palac, Mladen"]
[Black "Pavlov, Sergey"]
[Result "0-1"]
[WhiteElo "2573"]
[BlackElo "2432"]
[EventDate "2017.05.30"]
[PlyCount "62"]

1.c4 e6 2.Nc3 Nf6 3.e4 d5 4.e5 d4 5.exf6 dxc3 6.dxc3 Qxd1+ 7.Kxd1 gxf6 8.
g3 Bd7 9.Bg2 Bc6 10.Bxc6+ Nxc6 11.Nf3 Ne5 12.Nxe5 fxe5 13.Kc2 Rg8 14.Re1 
f6 15.Be3 Be7 16.Rad1 a6 17.b4 Rd8 18.Rxd8+ Kxd8 19.a4 h5 20.a5 h4 21.b5 
f5 22.Ba7 Bf6 23.Bc5 Kc8 24.Rb1 f4 25.Rg1 e4 26.g4 h3 27.Bd4 e5 28.Bc5 Kd7
29.Kd2 Ke6 30.Ke2 Bg5 31.Rb1 f3+ 0-1

[Event "14th EUR-ch"]
[Site "Minsk BLR"]
[Date "2017.06.03"]
[Round "5.76"]
[White "Froewis, Georg"]
[Black "Svane, Rasmus"]
[Result "0-1"]
[WhiteElo "2432"]
[BlackElo "2573"]
[EventDate "2017.05.30"]
[PlyCount "52"]

1.Nf3 d5 2.d4 Nf6 3.c4 e6 4.Nc3 Bb4 5.g3 O-O 6.Bg2 dxc4 7.a3 Bxc3+ 8.bxc3 
c5 9.Ne5 cxd4 10.Qxd4 Qxd4 11.cxd4 Nc6 12.Nxc4 Nxd4 13.Rb1 Bd7 14.Bb2 Nc2+
15.Kd2 Ba4 16.Bxf6 gxf6 17.Bxb7 Rad8+ 18.Kc3 Rd7 19.Be4 Nd4 20.e3 Ne2+ 21.
Kb4 Rb8+ 22.Kxa4 Nc3+ 23.Ka5 Rc8 24.Rhc1 Rxc4 25.Rb4 Rc5+ 26.Ka6 Nxe4 0-1

[Event "14th EUR-ch"]
[Site "Minsk BLR"]
[Date "2017.06.03"]
[Round "5.77"]
[White "Svetushkin, Dmitry"]
[Black "Stathopoulos, Ioannis"]
[Result "1/2-1/2"]
[WhiteElo "2573"]
[BlackElo "2376"]
[EventDate "2017.05.30"]
[PlyCount "141"]

1.d4 Nf6 2.c4 g6 3.Nc3 Bg7 4.e4 d6 5.h3 O-O 6.Nf3 e5 7.d5 a5 8.Be3 Na6 9.
g4 Nd7 10.a3 Nb6 11.Rg1 Bd7 12.h4 Nc5 13.g5 Nba4 14.Bxc5 Nxc5 15.h5 Re8 
16.Nd2 Bf8 17.Qf3 Be7 18.Qg3 Kh8 19.hxg6 Rg8 20.f4 Rxg6 21.Nf3 exf4 22.
Qxf4 f6 23.Nh4 Rxg5 24.Rh1 Qg8 25.O-O-O Rg4 26.Qf2 Qg5+ 27.Kb1 f5 28.Nf3 
Qg7 29.Bh3 Nxe4 30.Nxe4 fxe4 31.Nd4 e3 32.Qc2 Rxd4 33.Rdg1 Bg4 34.Bxg4 Rd2
35.Qb3 Bf6 36.Bf5 Rxb2+ 37.Qxb2 Bxb2 38.Rxg7 Bxg7 39.Rxh7+ Kg8 40.Rh4 Bc3 
41.Re4 Bd2 42.Kc2 Kg7 43.Bg4 Kf6 44.Re6+ Kg5 45.Be2 Rh8 46.Re7 Rh2 47.Kd3 
Rh1 48.Rxc7 Ra1 49.c5 Rxa3+ 50.Ke4 Ra4+ 51.Kd3 dxc5 52.Rxc5 Kf6 53.Rc7 Ke5
54.Bf3 Rd4+ 55.Ke2 b5 56.Re7+ Kd6 57.Re6+ Kc5 58.Rc6+ Kb4 59.d6 a4 60.Bh5 
Kb3 61.Bf7+ Kb2 62.Be6 a3 63.Ra6 Bb4 64.d7 Be7 65.Kxe3 Ra4 66.Rd6 Bg5+ 67.
Kd3 Bd8 68.Ke3 a2 69.Rd2+ Kb1 70.Rd1+ Kc2 71.Rd2+ 1/2-1/2

[Event "14th EUR-ch"]
[Site "Minsk BLR"]
[Date "2017.06.03"]
[Round "5.78"]
[White "Kessler, Luca"]
[Black "Predke, Alexandr"]
[Result "1/2-1/2"]
[WhiteElo "2431"]
[BlackElo "2566"]
[EventDate "2017.05.30"]
[PlyCount "48"]

1.e4 e5 2.Nf3 Nc6 3.d4 exd4 4.Nxd4 Nf6 5.Nxc6 bxc6 6.e5 Qe7 7.Qe2 Nd5 8.c4
Nb6 9.Nc3 Ba6 10.Qe4 g6 11.c5 Bxf1 12.cxb6 f5 13.Qe3 Bxg2 14.Rg1 Bd5 15.b7
Rd8 16.Qxa7 Qxe5+ 17.Be3 Bb4 18.b8=Q Bxc3+ 19.bxc3 Qxc3+ 20.Ke2 Bc4+ 21.
Kf3 Bd5+ 22.Ke2 Bc4+ 23.Kf3 Bd5+ 24.Ke2 Bc4+ 1/2-1/2

[Event "14th EUR-ch"]
[Site "Minsk BLR"]
[Date "2017.06.03"]
[Round "5.79"]
[White "Donchenko, Alexander"]
[Black "Charochkina, Daria"]
[Result "1/2-1/2"]
[WhiteElo "2563"]
[BlackElo "2370"]
[EventDate "2017.05.30"]
[PlyCount "128"]

1.d4 d5 2.c4 c6 3.Nf3 Nf6 4.e3 Bg4 5.h3 Bh5 6.g4 Bg6 7.Ne5 e6 8.Nd2 Nbd7 
9.Nxg6 hxg6 10.Bg2 Bb4 11.Qb3 Qb6 12.O-O Bxd2 13.Bxd2 Ne4 14.Be1 Qc7 15.
cxd5 exd5 16.f3 Ng5 17.h4 Ne6 18.Qa3 g5 19.h5 g6 20.hxg6 fxg6 21.Bb4 Qh2+ 
22.Kf2 Qh4+ 23.Ke2 Kf7 24.Rf2 Rae8 25.Kf1 c5 26.dxc5 d4 27.Re2 Qh2 28.Qb3 
Kg7 29.Qd5 Ne5 30.Rd1 Nc6 31.Bd2 Nf4 32.exf4 Rxe2 33.Kxe2 Qxg2+ 34.Kd3 Re8
35.a3 gxf4 36.Kc2 Re5 37.Qb3 Re7 38.Qd3 Qe2 39.Re1 Qxd3+ 40.Kxd3 Ne5+ 41.
Ke4 Kf6 42.g5+ Kxg5 43.Bxf4+ Kf6 44.Rg1 Nc6+ 45.Kd5 Kf5 46.Bd6 Re2 47.b4 
a6 48.Rb1 d3 49.Rd1 Re3 50.f4 d2 51.Rxd2 Rxa3 52.Kc4 Ra4 53.Rh2 Rxb4+ 54.
Kc3 Rb1 55.Rh8 a5 56.Rf8+ Ke6 57.Rg8 Kf7 58.Rf8+ Kg7 59.Ra8 Rc1+ 60.Kb2 
Rc4 61.Ka3 Rc3+ 62.Ka4 Rc4+ 63.Ka3 Rc3+ 64.Ka4 Rc4+ 1/2-1/2

[Event "14th EUR-ch"]
[Site "Minsk BLR"]
[Date "2017.06.03"]
[Round "5.80"]
[White "Alexandrov, Alexei"]
[Black "Tutisani, Noe"]
[Result "1/2-1/2"]
[WhiteElo "2559"]
[BlackElo "2347"]
[EventDate "2017.05.30"]
[PlyCount "109"]

1.d4 Nf6 2.Bg5 g6 3.Nd2 Bg7 4.e4 d6 5.c3 O-O 6.Ngf3 h6 7.Bh4 c5 8.dxc5 
dxc5 9.Bc4 Nc6 10.O-O Bg4 11.Qc2 g5 12.Bg3 Nh5 13.Rfe1 e6 14.Bb5 Nxg3 15.
hxg3 Qc7 16.Bxc6 Qxc6 17.Nc4 Qc7 18.a4 Rad8 19.a5 Bh5 20.Qa4 f5 21.exf5 
Rxf5 22.Rxe6 Bxf3 23.gxf3 Rxf3 24.Re8+ Rf8 25.Rxd8 Qxd8 26.Rd1 Qf6 27.Rd2 
h5 28.Qd7 h4 29.Qd6 hxg3 30.Qxf6 Bxf6 31.fxg3 Rd8 32.Re2 Kf7 33.Kf2 Rd3 
34.Kg2 Kg6 35.Re8 Rd8 36.Re2 Rd3 37.Kh3 Kh5 38.Re8 g4+ 39.Kg2 Rd8 40.Re6 
Kg5 41.Kf2 Kf5 42.Re2 Kg5 43.Re4 Rh8 44.Kg2 Rd8 45.Rf4 Rd3 46.Re4 b5 47.
axb6 axb6 48.Nxb6 Rd2+ 49.Kf1 Rxb2 50.Nd5 Rc2 51.Rc4 Bd4 52.Ke1 Bf2+ 53.
Kf1 Bd4 54.Ke1 Bf2+ 55.Kf1 1/2-1/2

[Event "14th EUR-ch"]
[Site "Minsk BLR"]
[Date "2017.06.03"]
[Round "5.81"]
[White "Korchmar, Vasiliy"]
[Black "Boruchovsky, Avital"]
[Result "0-1"]
[WhiteElo "2422"]
[BlackElo "2557"]
[EventDate "2017.05.30"]
[PlyCount "98"]

1.d4 e6 2.c4 Bb4+ 3.Nc3 b6 4.e3 Bb7 5.Ne2 f5 6.a3 Bxc3+ 7.Nxc3 Nf6 8.f3 
Nh5 9.Qc2 O-O 10.Bd3 Qh4+ 11.Qf2 Qe7 12.O-O d6 13.b4 Nd7 14.Bb2 f4 15.e4 
e5 16.d5 Rf6 17.Nb5 Nf8 18.c5 a6 19.cxd6 cxd6 20.Nc3 Rh6 21.Ne2 Qd8 22.
Rfc1 Ng6 23.Bc3 Nh4 24.Be1 Nf6 25.g3 fxg3 26.hxg3 Rg6 27.Kh1 Qd7 28.Ng1 
Nxf3 29.Nxf3 Rf8 30.Kg1 Nh5 31.Qg2 Nf4 32.Qd2 Qh3 33.Bf1 Rxg3+ 34.Bxg3 
Qxg3+ 35.Bg2 Nh3+ 36.Kh1 Nf2+ 37.Kg1 Rxf3 38.Rf1 Nh3+ 39.Kh1 Nf2+ 40.Kg1 
Nh3+ 41.Kh1 Rd3 42.Qe1 Qg4 43.Ra2 Nf4 44.Qc1 Rg3 45.Rxf4 exf4 46.Qc7 h5 
47.Qxd6 f3 48.Bf1 Rg1+ 49.Kh2 Rxf1 0-1

[Event "14th EUR-ch"]
[Site "Minsk BLR"]
[Date "2017.06.03"]
[Round "5.82"]
[White "Molchanov, Oleksii"]
[Black "Shomoev, Anton"]
[Result "1/2-1/2"]
[WhiteElo "2334"]
[BlackElo "2550"]
[EventDate "2017.05.30"]
[PlyCount "90"]

1.c4 g6 2.Nc3 Bg7 3.g3 e5 4.Bg2 d6 5.d3 f5 6.e3 Nf6 7.Nge2 O-O 8.O-O a5 9.
Rb1 c6 10.a3 Be6 11.b4 axb4 12.axb4 d5 13.cxd5 cxd5 14.Bb2 Nbd7 15.Na4 b6 
16.Qb3 Qe7 17.d4 e4 18.b5 Rfc8 19.Ba3 Qd8 20.Rfc1 Rc4 21.Nb2 Rxc1+ 22.Rxc1
Rc8 23.Rc6 Rxc6 24.bxc6 Nb8 25.Na4 Nxc6 26.Qxb6 Qxb6 27.Nxb6 Bf8 28.Bxf8 
Kxf8 29.h4 Ke7 30.Bf1 h6 31.Na4 Bf7 32.Nc5 Nd7 33.Nxd7 Kxd7 34.Bh3 Be6 35.
Nc3 Na5 36.Bf1 Nb3 37.Bb5+ Kd6 38.Be8 g5 39.hxg5 hxg5 40.Ba4 Nd2 41.Kg2 
Bf7 42.Bd1 Be6 43.Na4 Bd7 44.Nc3 Bc6 45.f3 Nc4 1/2-1/2

[Event "14th EUR-ch"]
[Site "Minsk BLR"]
[Date "2017.06.03"]
[Round "5.83"]
[White "Davtyan, Artur"]
[Black "Blomqvist, Erik"]
[Result "1/2-1/2"]
[WhiteElo "2216"]
[BlackElo "2546"]
[EventDate "2017.05.30"]
[PlyCount "80"]

1.d4 d5 2.c4 c6 3.Nf3 Nf6 4.Nc3 dxc4 5.a4 Bf5 6.e3 e6 7.Bxc4 Bb4 8.O-O O-O
9.Qe2 Nbd7 10.e4 Bg6 11.Bd3 Re8 12.e5 Bxd3 13.Qxd3 Nd5 14.Nxd5 cxd5 15.Qb5
Be7 16.Bd2 Nb6 17.b3 a6 18.Qd3 Nc8 19.Rfc1 Na7 20.b4 Qb6 21.b5 axb5 22.
axb5 Qxb5 23.Qxb5 Nxb5 24.Rxa8 Rxa8 25.Rb1 Na3 26.Rxb7 Bd8 27.g4 Nc4 28.
Bb4 h6 29.Kg2 Bb6 30.h3 Ra7 31.Rxa7 Bxa7 32.h4 f6 33.exf6 gxf6 34.g5 hxg5 
35.hxg5 Kf7 36.gxf6 Kxf6 37.Kf1 Kf5 38.Ke2 e5 39.dxe5 Nxe5 40.Nxe5 Kxe5 
1/2-1/2

[Event "14th EUR-ch"]
[Site "Minsk BLR"]
[Date "2017.06.03"]
[Round "5.84"]
[White "Bochkarev, Yuriy"]
[Black "Forcen Esteban, Daniel"]
[Result "0-1"]
[WhiteElo "2084"]
[BlackElo "2545"]
[EventDate "2017.05.30"]
[PlyCount "96"]

1.d4 Nf6 2.Nf3 c5 3.c3 d5 4.Bf4 Nc6 5.e3 Qb6 6.Qc1 Nh5 7.Bg3 Bf5 8.Nbd2 
Rc8 9.Be2 Nxg3 10.fxg3 g6 11.O-O Bh6 12.Nb3 cxd4 13.Nfxd4 Be4 14.Bg4 f5 
15.Bf3 e5 16.Nc2 Bxc2 17.Qxc2 e4 18.Be2 O-O 19.Kh1 Bxe3 20.Qd1 Rfd8 21.a4 
a5 22.Bb5 Ne5 23.Qe2 Bh6 24.Rad1 Ng4 25.Rd4 Be3 26.h3 Bxd4 27.Nxd4 Ne5 28.
Rd1 Qf6 29.Qc2 Rd6 30.Ne2 Rcd8 31.Qd2 Nc6 32.Rf1 d4 33.Bxc6 dxc3 34.Qc2 
bxc6 35.bxc3 Rd2 36.Qb3+ Qf7 37.Qb6 Qc4 38.Re1 Re8 39.Nf4 Qxc3 40.Re3 Rb2 
41.Qa7 Rb1+ 42.Kh2 Qc1 43.g4 Qg1+ 44.Kg3 Rb3 45.Kh4 Qxe3 46.Qd7 Rbb8 47.
Kg5 fxg4 48.hxg4 Re5+ 0-1

[Event "14th EUR-ch"]
[Site "Minsk BLR"]
[Date "2017.06.03"]
[Round "5.85"]
[White "Movsesian, Sergei"]
[Black "Tate, Alan"]
[Result "1-0"]
[WhiteElo "2680"]
[BlackElo "2320"]
[EventDate "2017.05.30"]
[PlyCount "49"]

1.e4 e5 2.Nf3 Nc6 3.Bb5 Nf6 4.Nc3 Bd6 5.a3 O-O 6.d3 Nd4 7.Bc4 c6 8.h3 Bc7 
9.Ba2 d5 10.Bg5 Ne6 11.Bxf6 Qxf6 12.exd5 Nf4 13.g3 Nxh3 14.Ne4 Qe7 15.Nfd2
g6 16.Qf3 Kg7 17.O-O-O cxd5 18.Bxd5 f5 19.Nc3 e4 20.Qe2 Nxf2 21.Qxf2 e3 
22.Rde1 Re8 23.Qh2 h5 24.Nf3 Qd6 25.Nb5 1-0

[Event "14th EUR-ch"]
[Site "Minsk BLR"]
[Date "2017.06.03"]
[Round "5.86"]
[White "Jobava, Baadur"]
[Black "Druska, Juraj"]
[Result "1-0"]
[WhiteElo "2713"]
[BlackElo "2430"]
[EventDate "2017.05.30"]
[PlyCount "83"]

1.e4 c5 2.Nc3 Nc6 3.Nge2 g6 4.g3 Bg7 5.Bg2 d6 6.d3 e6 7.O-O Nge7 8.Bg5 f6 
9.Be3 e5 10.f4 Nd4 11.h3 Be6 12.Kh2 Qd7 13.Nd5 f5 14.c3 Nxe2 15.Qxe2 O-O 
16.fxe5 Bxe5 17.Nxe7+ Qxe7 18.exf5 Bxf5 19.Rae1 Rae8 20.Qd2 h5 21.d4 cxd4 
22.Bxd4 Kh7 23.Bxa7 h4 24.Bf2 Bc8 25.Kg1 hxg3 26.Bxg3 Rxf1+ 27.Bxf1 Qf7 
28.Qf2 Qxa2 29.Bxe5 Rxe5 30.Rxe5 dxe5 31.Qh4+ Kg7 32.Qe7+ Qf7 33.Qxe5+ Kh7
34.b4 Qe6 35.Qxe6 Bxe6 36.c4 b6 37.b5 g5 38.Kf2 Kg6 39.Ke3 Kf5 40.Kd4 Kf4 
41.c5 bxc5+ 42.Kxc5 1-0

[Event "14th EUR-ch"]
[Site "Minsk BLR"]
[Date "2017.06.03"]
[Round "5.87"]
[White "Elistratov, Semen"]
[Black "Moiseenko, Alexander"]
[Result "0-1"]
[WhiteElo "2417"]
[BlackElo "2677"]
[EventDate "2017.05.30"]
[PlyCount "124"]

1.e4 c5 2.Nf3 Nc6 3.Nc3 Nf6 4.Bb5 Qc7 5.O-O Nd4 6.Re1 a6 7.Bc4 e6 8.e5 b5 
9.Bxe6 dxe6 10.exf6 Bb7 11.Nxd4 cxd4 12.Ne4 O-O-O 13.fxg7 Bxg7 14.d3 f5 
15.Ng3 Qc6 16.f3 h5 17.Qe2 h4 18.Nf1 e5 19.h3 Bf6 20.Bd2 Rhg8 21.Kh1 Rg6 
22.Nh2 Rdg8 23.Rg1 Kb8 24.a4 Qxc2 25.axb5 axb5 26.Rac1 Qb3 27.Ba5 R6g7 28.
Rc5 e4 29.fxe4 fxe4 30.Qf2 Bg5 31.Qxd4 Bf4 32.Bd2 Bg3 33.Rc3 Qd5 34.Qxd5 
Bxd5 35.Ng4 exd3 36.Rxd3 Rd8 37.Re3 Kb7 38.Bc3 Rf7 39.Be5 Bf2 40.Nxf2 Rxf2
41.Bd4 Bxg2+ 42.Rxg2 Rf1+ 43.Kh2 Rxd4 44.Re6 Rfd1 45.Rg7+ Rd7 46.Rxd7+ 
Rxd7 47.Kg2 Rd2+ 48.Kf3 Rxb2 49.Re4 Rb3+ 50.Kg4 Rc3 51.Re7+ Rc7 52.Re5 
Rc4+ 53.Kf3 Kb6 54.Ke2 Rc3 55.Kd2 Rxh3 56.Rh5 Ka5 57.Kc2 Ka4 58.Rh8 Rh2+ 
59.Kc3 b4+ 60.Kc4 Rc2+ 61.Kd3 Rc3+ 62.Kd2 h3 0-1

[Event "14th EUR-ch"]
[Site "Minsk BLR"]
[Date "2017.06.03"]
[Round "5.88"]
[White "Safarli, Eltaj"]
[Black "Grib, Roman"]
[Result "1/2-1/2"]
[WhiteElo "2668"]
[BlackElo "2415"]
[EventDate "2017.05.30"]
[PlyCount "134"]

1.d4 e6 2.e4 d5 3.Nc3 Nf6 4.Bg5 Be7 5.e5 Nfd7 6.Bxe7 Qxe7 7.f4 a6 8.Nf3 c5
9.dxc5 Nc6 10.Bd3 Qxc5 11.Qd2 b5 12.a3 f6 13.exf6 Nxf6 14.Ne2 O-O 15.Nfd4 
Nxd4 16.Nxd4 e5 17.fxe5 Ng4 18.Qb4 Qb6 19.O-O-O Qh6+ 20.Kb1 Nxe5 21.Qc5 
Rd8 22.Bf5 Nc4 23.Qe7 Qf6 24.Qxf6 gxf6 25.Rhe1 Ne5 26.Re3 Bxf5 27.Nxf5 Ra7
28.Rg3+ Kf8 29.Nd4 Kf7 30.Rf1 Nc4 31.Kc1 Ne5 32.Rg5 Re7 33.Rgf5 Rd6 34.Rh5
Kg6 35.Rh3 Rc7 36.Rf4 h5 37.Rg3+ Kf7 38.Rh4 Rc4 39.b3 Ng6 40.Rxg6 Rxd4 41.
Rxf6+ Rxf6 42.Rxd4 Ke6 43.Rh4 Rf5 44.Kd2 Rf2+ 45.Kd3 Rxg2 46.Rxh5 a5 47.
Rh8 Kd6 48.Rh6+ Ke5 49.Rb6 Rxh2 50.Rxb5 a4 51.Kc3 Rh3+ 52.Kb4 axb3 53.cxb3
Ke4 54.Rb8 d4 55.a4 Rh1 56.Re8+ Kd3 57.a5 Ra1 58.Rd8 Ke3 59.Kc4 Rc1+ 60.
Kb5 d3 61.a6 Ra1 62.b4 d2 63.Kb6 d1=Q 64.Rxd1 Rxd1 65.b5 Kd4 66.a7 Ra1 67.
Kb7 Kc5 1/2-1/2

[Event "14th EUR-ch"]
[Site "Minsk BLR"]
[Date "2017.06.03"]
[Round "5.89"]
[White "Kjartansson, Gudmundur"]
[Black "Savchenko, Boris"]
[Result "1/2-1/2"]
[WhiteElo "2437"]
[BlackElo "2634"]
[EventDate "2017.05.30"]
[PlyCount "138"]

1.Nf3 d5 2.d4 e6 3.c4 Nd7 4.e3 Ngf6 5.Nc3 c6 6.Qc2 Bd6 7.Bd3 dxc4 8.Bxc4 
O-O 9.O-O a6 10.Rd1 b5 11.Be2 Qe7 12.a4 b4 13.Ne4 Nxe4 14.Qxe4 Bb7 15.b3 
f5 16.Qd3 Nf6 17.Bb2 Rfd8 18.Nd2 c5 19.Bf3 cxd4 20.Bxd4 Ng4 21.Bxg4 fxg4 
22.Ne4 Bc7 23.Nc5 Bc6 24.e4 Bb6 25.Qc2 Rac8 26.Be3 Rxd1+ 27.Rxd1 h5 28.Qc4
Bb7 29.Rc1 a5 30.Qb5 Qd6 31.Nxb7 Rxc1+ 32.Bxc1 Qd1+ 33.Qf1 Qxb3 34.Nd6 Qc2
35.Be3 b3 36.Nc4 b2 37.Nxb2 Bxe3 38.fxe3 Qxb2 39.Qc4 Qa1+ 40.Kf2 Qb2+ 41.
Kg1 Qb6 42.Qd4 Qc7 43.e5 Kf7 44.Qf4+ Ke8 45.Qe4 Ke7 46.Kf2 Kd8 47.Kg3 g5 
48.Kf2 Qb6 49.Ke2 Kc8 50.Kd2 Kb8 51.Qd4 Qc6 52.Qd8+ Kb7 53.Qe7+ Ka8 54.
Qd8+ Kb7 55.Qe7+ Kc8 56.Qf8+ Kd7 57.Qg7+ Ke8 58.Qg8+ Kd7 59.Qg7+ Kd8 60.
Qxg5+ Kc8 61.Qg8+ Kc7 62.Qh7+ Kb8 63.Qh8+ Kb7 64.Qh7+ Kb6 65.Qb1+ Ka6 66.
Qd3+ Kb7 67.Qh7+ Kb6 68.Qb1+ Ka6 69.Qd3+ Kb7 1/2-1/2

[Event "14th EUR-ch"]
[Site "Minsk BLR"]
[Date "2017.06.03"]
[Round "5.90"]
[White "Fedorchuk, Sergei"]
[Black "Koksal, Ege"]
[Result "1-0"]
[WhiteElo "2621"]
[BlackElo "2405"]
[EventDate "2017.05.30"]
[PlyCount "69"]

1.e4 e5 2.Nf3 Nc6 3.Bb5 a6 4.Ba4 Nf6 5.O-O Be7 6.Re1 b5 7.Bb3 d6 8.c3 O-O 
9.h3 Na5 10.Bc2 c5 11.d4 Nd7 12.a4 Rb8 13.axb5 axb5 14.b3 exd4 15.cxd4 Nc6
16.Bb2 Nb4 17.Nc3 Re8 18.dxc5 dxc5 19.Nd5 Nxc2 20.Qxc2 Bb7 21.Red1 Bf8 22.
e5 Bxd5 23.Rxd5 Rb7 24.Rad1 Qe7 25.Ba3 Ra8 26.Bc1 h6 27.Be3 Qe6 28.Qd3 Nb6
29.Qxb5 Nxd5 30.Qxb7 Nxe3 31.fxe3 Ra3 32.Rd8 Rxb3 33.Qa8 Qe7 34.Re8 Ra3 
35.Qc8 1-0

[Event "14th EUR-ch"]
[Site "Minsk BLR"]
[Date "2017.06.03"]
[Round "5.91"]
[White "Sipila, Vilka"]
[Black "Maze, Sebastien"]
[Result "0-1"]
[WhiteElo "2415"]
[BlackElo "2619"]
[EventDate "2017.05.30"]
[PlyCount "67"]

1.c4 e5 2.g3 d6 3.Nc3 Nc6 4.Nf3 g6 5.h4 h6 6.d4 exd4 7.Nxd4 Bg7 8.Nxc6 
bxc6 9.Bg2 Ne7 10.Qc2 O-O 11.b3 Bf5 12.e4 Be6 13.Bb2 Rb8 14.h5 g5 15.f4 c5
16.f5 Bd7 17.O-O Bd4+ 18.Kh2 f6 19.Nd5 Nc6 20.Bxd4 Nxd4 21.Qc3 Nc6 22.a3 
Ne5 23.b4 c6 24.Ne3 Qb6 25.Nc2 Rfd8 26.Bf3 a5 27.Rab1 axb4 28.axb4 cxb4 
29.Nxb4 Qa5 30.Be2 Be8 31.Kg2 Bf7 32.Rfd1 Kg7 33.Qe1 Qa4 34.c5 0-1

[Event "14th EUR-ch"]
[Site "Minsk BLR"]
[Date "2017.06.03"]
[Round "5.92"]
[White "Tomczak, Jacek"]
[Black "Polivanov, Anatoliy"]
[Result "1-0"]
[WhiteElo "2615"]
[BlackElo "2401"]
[EventDate "2017.05.30"]
[PlyCount "113"]

1.e4 c5 2.Nf3 e6 3.d4 cxd4 4.Nxd4 Nf6 5.Nc3 Nc6 6.Nxc6 bxc6 7.e5 Nd5 8.Ne4
Qc7 9.f4 Rb8 10.a3 Qa5+ 11.c3 Qb6 12.Bd3 Be7 13.Qe2 f5 14.Nf2 O-O 15.O-O 
a5 16.Bd2 a4 17.c4 Nc7 18.Bc3 Na6 19.Bc2 Nc5 20.Rad1 Nb3 21.Rd3 c5 22.Rh3 
Rf7 23.Bxb3 axb3 24.Nd1 Bb7 25.Be1 Bc6 26.Bh4 Bxh4 27.Rxh4 Qd8 28.Rh3 g5 
29.fxg5 Rg7 30.Rg3 Rxg5 31.Qe3 Rxg3 32.hxg3 Qe7 33.Nf2 Kh8 34.Nd3 Rg8 35.
Nf4 Qg7 36.Kf2 Be4 37.Qc3 Qh6 38.Rd1 Qg7 39.Rh1 Bc6 40.Rh4 d6 41.Nxe6 Qxe5
42.Qxe5+ dxe5 43.Nxc5 f4 44.Rh3 Rd8 45.Nxb3 Bd7 46.Rh6 Rb8 47.Nc5 Rxb2+ 
48.Kf3 Bf5 49.Rf6 Bg6 50.gxf4 e4+ 51.Kg3 Kg7 52.Re6 Rc2 53.Nxe4 Rxc4 54.
Nd6 Rc3+ 55.Kh4 Rxa3 56.f5 Ra4+ 57.g4 1-0

[Event "14th EUR-ch"]
[Site "Minsk BLR"]
[Date "2017.06.03"]
[Round "5.93"]
[White "Parligras, Mircea-Emilian"]
[Black "Schekachikhin, Maksim"]
[Result "1/2-1/2"]
[WhiteElo "2607"]
[BlackElo "2395"]
[EventDate "2017.05.30"]
[PlyCount "72"]

1.d4 d5 2.c4 c6 3.Nf3 Nf6 4.Nc3 e6 5.e3 Nbd7 6.Qc2 Bd6 7.Be2 O-O 8.O-O 
dxc4 9.Bxc4 e5 10.h3 h6 11.Bb3 Re8 12.a3 Qc7 13.Rd1 a6 14.Ba2 c5 15.dxc5 
Nxc5 16.b4 Nce4 17.Bb2 Bf5 18.Rac1 Nxc3 19.Qxc3 Qe7 20.Qd2 Rad8 21.Qe2 Be4
22.Nd2 Bc6 23.Nc4 Bc7 24.Na5 Bxa5 25.bxa5 Ne4 26.Rxd8 Qxd8 27.Bc4 Qxa5 28.
Bxa6 Rd8 29.Bd3 Qd5 30.Bc4 Qd6 31.Qh5 Qf6 32.f3 Ng5 33.h4 Nxf3+ 34.gxf3 
Bxf3 35.Qxf7+ Qxf7 36.Bxf7+ Kxf7 1/2-1/2

[Event "14th EUR-ch"]
[Site "Minsk BLR"]
[Date "2017.06.03"]
[Round "5.94"]
[White "Vocaturo, Daniele"]
[Black "Meribanov, Vitaly"]
[Result "1/2-1/2"]
[WhiteElo "2604"]
[BlackElo "2385"]
[EventDate "2017.05.30"]
[PlyCount "72"]

1.d4 Nf6 2.Nf3 e6 3.Bf4 c5 4.e3 b6 5.Nc3 a6 6.d5 d6 7.dxe6 Bxe6 8.Ng5 d5 
9.Nxe6 fxe6 10.g4 g6 11.h4 Bd6 12.Bxd6 Qxd6 13.g5 Nh5 14.Be2 Ng3 15.Rh3 
Nxe2 16.Qxe2 Nc6 17.O-O-O Qe7 18.Rdh1 h5 19.gxh6 Rxh6 20.h5 Rxh5 21.Rxh5 
gxh5 22.Rxh5 Qg7 23.Na4 Ne5 24.Nxb6 Rb8 25.Na4 Nc4 26.c3 Qg1+ 27.Qd1 Qxf2 
28.Qd3 Qe1+ 29.Qd1 Qxe3+ 30.Kb1 Qe4+ 31.Ka1 Ne3 32.Qg1 Nc2+ 33.Kb1 Ne1+ 
34.Ka1 Nc2+ 35.Kb1 Ne3+ 36.Ka1 Nc2+ 1/2-1/2

[Event "14th EUR-ch"]
[Site "Minsk BLR"]
[Date "2017.06.03"]
[Round "5.95"]
[White "Sadovsky, Artem"]
[Black "Gledura, Benjamin"]
[Result "0-1"]
[WhiteElo "2407"]
[BlackElo "2602"]
[EventDate "2017.05.30"]
[PlyCount "156"]

1.c4 g6 2.d4 Nf6 3.g3 Bg7 4.Bg2 O-O 5.Nc3 d6 6.Nf3 Nbd7 7.O-O e5 8.b3 Re8 
9.Bb2 c6 10.dxe5 dxe5 11.Ng5 Qb6 12.Nge4 Nxe4 13.Nxe4 Nc5 14.Nxc5 Qxc5 15.
Qd2 a5 16.Rac1 Bg4 17.Rfd1 h5 18.h3 Be6 19.Bc3 Qa3 20.Qb2 Qxb2 21.Bxb2 a4 
22.Rd2 f5 23.e3 Red8 24.Rcd1 Rxd2 25.Rxd2 Kf7 26.Bf1 e4 27.Bxg7 Kxg7 28.h4
axb3 29.axb3 Ra1 30.f3 Rb1 31.Kf2 Rxb3 32.fxe4 fxe4 33.Bg2 Bf5 34.c5 Kf6 
35.Bf1 Rc3 36.Rb2 Bc8 37.Rb4 Rxc5 38.Rxe4 b5 39.Rb4 Bf5 40.Bg2 Ke5 41.Bf3 
Kd6 42.Rd4+ Kc7 43.Rf4 Rc2+ 44.Ke1 Rc1+ 45.Kd2 Rg1 46.Bxh5 Rxg3 47.Be2 Kd6
48.h5 Ke5 49.hxg6 Rxg6 50.Rh4 Bd7 51.Rh5+ Kd6 52.e4 Rg2 53.Kd3 Bg4 54.Bxg4
Rxg4 55.Rh6+ Kc5 56.Rh5+ Kb4 57.Kd4 c5+ 58.Kd5 c4 59.Rh1 c3 60.Rb1+ Ka5 
61.Ra1+ Kb6 62.Kd4 b4 63.Kc4 Rxe4+ 64.Kb3 Kb5 65.Rh1 Rd4 66.Rh5+ Kc6 67.
Rg5 Kd6 68.Rb5 Ke6 69.Rc5 Kd7 70.Rb5 Kd6 71.Rb8 Ke5 72.Re8+ Kf4 73.Rf8+ 
Ke3 74.Re8+ Kd2 75.Rh8 Kc1 76.Rh1+ Rd1 77.Rh2 Kb1 78.Ra2 Rd2 0-1